|
|
|
|
| LEADER |
01575nam a2200277 a 4500 |
| 001 |
GR-Patra31018 |
| 003 |
GR-PaULI |
| 005 |
20240229093035.0 |
| 008 |
040812s2009 ne g b 001 b eng d |
| 020 |
|
|
|a 9780240810829
|
| 040 |
|
|
|a GR-PaULI
|b gre
|c GR-PaULI
|e AACR2
|
| 082 |
|
0 |
|a 791.430232
|2 22
|
| 100 |
1 |
|
|a Musburger, Robert B.
|9 202298
|e συγγραφέας.
|
| 245 |
1 |
0 |
|a Introduction to media production :
|b the path to digital media production /
|c Robert B. Musburger, Gorham Kindem.
|
| 250 |
|
|
|a 4rd ed.
|
| 260 |
|
|
|a Amsterdam :
|b Elsevier,
|c c2009.
|
| 300 |
|
|
|a xvii, 509 σ. :
|b εικ. ;
|c 26 εκ.
|
| 504 |
|
|
|a Περιλαμβάνει βιβλιογραφίες και ευρετήριο.
|
| 650 |
|
4 |
|a Κινηματογράφος
|x Παραγωγή και σκηνοθεσία.
|9 20245
|
| 650 |
|
4 |
|a Αναλογικά ηλεκτρονικά συστήματα
|9 118478
|
| 700 |
1 |
|
|a Kindem, Gorham Anders
|9 202300
|e συγγραφέας.
|
| 942 |
|
|
|2 ddc
|c BK
|
| 952 |
|
|
|0 0
|1 0
|2 ddc
|4 0
|6 791_430232000000000_MUS
|7 0
|9 313514
|a LISK
|b LISK
|c BSC
|d 2021-01-17
|e 24
|f 0
|g 0.00
|l 0
|o 791.430232 MUS
|p 92410050690
|r 2021-01-17 00:00:00
|t 1
|w 2021-01-17
|y BK15
|x 20120510 0 1
|x GrPaTEI
|
| 952 |
|
|
|0 0
|1 0
|2 ddc
|4 0
|6 791_430232000000000_MUS
|7 1
|9 313515
|a LISK
|b LISK
|c BSC
|d 2021-01-17
|e 24
|f 0
|g 0.00
|l 0
|o 791.430232 MUS
|p 92410050691
|r 2021-01-17 00:00:00
|t 2
|w 2021-01-17
|y BKN
|x 20120510 0 0
|x GrPaTEI
|
| 952 |
|
|
|0 0
|1 0
|2 ddc
|4 0
|6 791_430000000000000_232_MUS
|7 0
|9 377916
|a LISP
|b LISP
|c BSC
|d 2024-02-29
|i 50690
|l 0
|o 791.430 232 MUS
|p 025000307998
|r 2024-02-29 00:00:00
|t 3
|w 2024-02-29
|y BK15
|
| 999 |
|
|
|c 179384
|d 179384
|